01237nam a2200217Ia 450000500170000000800400001704000070005704100080006408200160007210000250008824500160011326000300012930000120015952006390017165000200081069000370083090600110086794200120087899900170089095201120090720260502115700.0210210b1979 xxu||||| |||| 00| 0 eng d cAL aeng a813.54 LAMD aLouis Lamour9263232 aDaybreakers aLondonbCorgi Booksc1979 aiv,156p aOne of the most popular fictional creations of our time, the chronicle of the Sackett family is also one of Louis L’Amour’s crowning achievements—and these two magnificent novels are proof . Sackett A drifter by circumstance, William Tell Sackett hungered for a place he couldn’t name but knew he had to find. South of the Tetons, through a keyhole pass, he found it: a lonely yet beautiful valley—with a fortune in gold. Then he found an even greater treasure: Ange Kerry, a courageous and resourceful woman. But the harsh ways it takes to protect his claim—and their lives—may be the one thing that drives Ange away. aFiction9263230 aAmerican English Fiction9263231 a037424 2ddccBK c87872d87872 00102ddc40708ENGaALbALd2021-02-17g0.00l0o813.54 LAMDp037424r2021-02-17 00:00:00w2021-02-17yBK